| 000 | 00666nam a22002417a 4500 | ||
|---|---|---|---|
| 003 | UA-OsUOA | ||
| 001 | 23729 | ||
| 007 | ta | ||
| 008 | 20040128b un ||||| |||| 00| 0 ukr d | ||
| 090 |
_a32 _bН12 |
||
| 942 | _cBK | ||
| 040 |
_aUA-OsUOA _brus _cUA-OsUOA _dUA-OsUOA |
||
| 245 |
_aНа Пути к Свободе Совести _bПерестройка: гласность, демократия, социализм _cРед. Т.Б.Рябикова |
||
| 300 | _a496 с. | ||
| 955 | _a0 | ||
| 041 | _arus | ||
| 080 | _a32 | ||
| 020 | _a5-01-00-2728-3 | ||
| 260 |
_aМосква _bПрогресс _c1989 |
||
| 044 | _aRU | ||
| 650 | 7 | _2UDC | |
| 999 |
_c309986 _d309986 |
||